Sports Quiz

Random Sports or Basketball Quiz

March Madness Winner: #1 Seed or Not? Quiz Stats

 Plays Quiz Updated Apr 8, 2019

Support Sporcle.
Go Orange.
Score 0/42 Timer 05:00
1 Play Today
Year Y or N? % Correct
2021???
77.5%
1985???
64.6%
2014???
64.3%
2019???
62.9%
1988???
61.5%
1983???
61.2%
1989???
60.8%
1986???
59.3%
2011???
58.6%
2018???
58.3%
1980???
57.7%
2017???
56.6%
1981???
56.3%
1998???
55.4%
2004???
54.9%
2003???
54.7%
2006???
54.6%
1997???
54.2%
1979???
53.7%
2015???
52.4%
2016???
51.9%
Year Y or N? % Correct
2009???
51.8%
2007???
51.7%
2001???
51.6%
1992???
51.6%
1991???
51.1%
1996???
50.1%
2010???
49.4%
2012???
49.2%
2000???
48.4%
2008???
48.4%
1995???
48.4%
1990???
48.4%
2002???
48.4%
2013???
48%
2005???
47.9%
1982???
47.6%
1994???
47.3%
1984???
47.2%
1993???
47.1%
1987???
44.4%
1999???
43.7%

You're not logged in!

Compare scores with friends on all Sporcle quizzes.
OR
Log In

From the Vault

Vowel-less Backwards North America

by I-Am-Batman

There might be something wrong with this map.
Remove Ads.
Support Sporcle.
Get the best of Sporcle when you Go Orange. This ad-free experience offers more features, more stats, and more fun while also helping to support Sporcle. Thank you for becoming a member.

Show Comments

Extras

Top Quizzes Today


Score Distribution

Your Account Isn't Verified!

In order to create a playlist on Sporcle, you need to verify the email address you used during registration. Go to your Sporcle Settings to finish the process.

Report this User

Report this user for behavior that violates our Community Guidelines.

Details: